Top Cities by Category #4 - Statistics

General Stats
  • This quiz has been taken 51 times
  • The average score is 20 of 40
Answer Stats
Hint Answer % Correct
Most Foreign Embassies London
89%
Most Opera Performances London
89%
Most Innovative London
89%
Most Innovative Tokyo
89%
Most Foreign Embassies Beijing
86%
Most Foreign Embassies Berlin
86%
Most Opera Performances Berlin
86%
Most Bridges Berlin
86%
Most Opera Performances New York City
84%
Most Innovative New York City
84%
Most Innovative Paris
84%
Most Hindus Delhi
82%
Most Densely Populated Mumbai
77%
Most Hindus Mumbai
77%
Most Foreign Embassies Washington DC
75%
Most Innovative Singapore
73%
Highest Infrastructure Singapore
73%
Most Hindus Bangalore
59%
Most Hindus Chennai
57%
Most Bridges Hong Kong
57%
Most Foreign Embassies Brussels
50%
Most Opera Performances Vienna
50%
Most Bridges Vienna
50%
Most Densely Populated Manila
45%
Most Bridges Hamburg
39%
Highest Infrastructure Munich
39%
Highest Infrastructure Copenhagen
32%
Most Hindus Ahmedabad
30%
Most Bridges Chongqing
16%
Highest Infrastructure Frankfurt
16%
Most Densely Populated Baghdad
14%
Most Opera Performances Dresden
7%
Highest Infrastructure Dusseldorf
5%
Least Guessed (Exc. India/China) Oshogbo
2%
Least Guessed (Exc. India/China) Changwon
0%
Least Guessed (Exc. India/China) Cirebon
0%
Least Guessed (Exc. India/China) Karawang
0%
Most Densely Populated Mandaluyong
0%
Most Densely Populated Pateros
0%
Least Guessed (Exc. India/China) Serang
0%
No matching quizzes found
Score Distribution
Percent of People with Each Score
Percentile by Number Answered
Your Score History
You have not taken this quiz